Normal view
MARC view
Entry Personal Name
001 - CONTROL NUMBER
- control field: 26696
003 - CONTROL NUMBER IDENTIFIER
- control field: ARRUPE
005 - DATE AND TIME OF LATEST TRANSACTION
- control field: 20161013103458.0
008 - FIXED-LENGTH DATA ELEMENTS
- fixed length control field: 161013|| aca||aabn | a|a d
040 ## - CATALOGING SOURCE
- Original cataloging agency: ARRUPE
- Transcribing agency: ARRUPE
100 ## - HEADING--PERSONAL NAME
- Personal name: Africa Faith and Justice Network
670 ## - SOURCE DATA FOUND
- Source citation: Work cat.: (ARRUPE)17942: Browne, Maura ed. 26694, The African Synod